000 00625nam a22001937a 4500
005 20251007104741.0
010 _aENG-146962
020 _c2500.00
_a9788195553389
035 _aEN-130494
037 _bDBAD
_aDPL
082 _a910.9169054
_21
100 _aShyamli Singh
_985389
245 _aEternal Waters:
_bR2R/
_cShyamli Singh [and] Vinod K. Sharma
260 _aNew Delhi
_bIndian Institute of Public Administration
_c2024
270 _aIndraprastha Estate, Ring Road
_bNew Delhi
_e110002
300 _avpp.
_c29cm(Hb)
700 _aSharma, Vinod K.
_985247
942 _2ddc
_cEN
_h910.9169054
_mSHY
999 _c213584
_d213584